000 00292nam a22001337a 4500
020 _a978-81-85986-00-5
082 _a824
_bBHA/I
100 _aBHAGAT, CHETAN
245 _aINDIA POSITIVE
260 _aDELHI
_bWESTLAND, SEATTLE
_c2019
300 _a216
650 _aESSAYS
_zDELHI
942 _cBK
999 _c6888
_d6888